000 00500cam a2200181u 4500
040 _cCarP
082 _a631 EYR 1969 A038 Or.
100 1 _aPoirée, Maurice Armand Auguste. [from old catalog]
245 1 0 _aAssainissement agricole,
250 _a3e édition corrigée et mise à jour.
260 _aParis,
_bEyrolles,
_c1969.
300 _ap. cm.
650 0 _aDrainage.
650 0 _aRivers
650 0 _aReclamation of land.
700 1 _aOllier, Charles, [from old catalog]
942 _cFB
999 _c11847
_d11847